000 00326nam a2200145 4500
008 190521s1973||||xo d
245 1 0 _aMINERALÓGIA PETROGRAFIA A GEOLÓGIA
250 _a1.vydanie
260 _bSPN
_aBratislava
_c1973
300 _a412s.
020 _c0
041 1 _aslo
044 _axo
_cSK
958 _aA
999 _c22394
_d22394